Poder i conflicte a les organitzacions públiques / Carles Ramió
Descripción Física:
68 p. ; 21 cm
Colección:
Perspectiva
; 6
Materias:
Administració pública -- Potestats
MARC
| LEADER | 00000nam a2200000Ia 4500 | ||
|---|---|---|---|
| 001 | 11612 | ||
| 008 | 160829s1997 xx 000 0 cat d | ||
| 017 | |a DL B-13338-1997 | ||
| 080 | |a M-2-281 | ||
| 100 | |a Ramió, Carles |9 22430 | ||
| 245 | |a Poder i conflicte a les organitzacions públiques / Carles Ramió | ||
| 260 | |a Barcelona : |b Diputació de Barcelona, |c 1997 | ||
| 300 | |a 68 p. ; |c 21 cm | ||
| 490 | |a Perspectiva ; |v 6 | ||
| 650 | |a Administració pública |x Potestats |9 22431 | ||
| 710 | |9 53659 |a Barcelona (Catalunya : Província). |b Servei de Formació Local | ||
| 901 | |a Arxiu | ||
| 942 | |n 1 |2 udc | ||
| 952 | |0 0 |1 0 |4 0 |6 M2281 |7 1 |9 42220 |a Arxiu |b Arxiu |d 2016-12-01 |l 0 |o M-2-281 |p 11612 |r 2016-12-01 00:00:00 |w 2016-12-01 |y ARXIU | ||
| 952 | |0 0 |1 0 |4 0 |6 PDL |7 1 |9 63581 |a Arxiu |b Arxiu |d 2022-08-30 |l 0 |o PDL |p 26571 |r 2022-08-30 00:00:00 |w 2022-08-30 |y ARXIU | ||
| 999 | |c 44667 |d 44667 | ||